| 000 | 01102nam a2200265 a 4500 | ||
|---|---|---|---|
| 001 | ASIN0141022043 | ||
| 003 | OSt | ||
| 005 | 20180116192426.0 | ||
| 008 | 150212s2005 xxu eng d | ||
| 020 | _a0141022043 (paperback) | ||
| 020 | _a9780141022048 (paperback) | ||
| 040 | _c0 | ||
| 050 | 0 | 4 | _aBF448 |
| 082 | 0 | 4 | _a153.44 |
| 100 | 1 |
_aGladwell, Malcolm. _98060 |
|
| 245 | 1 | 0 |
_aBlink - the power of thinking without thinking / _cMalcolm Gladwell. |
| 250 | _aBook Club (BCE/BOMC) ed. | ||
| 260 |
_aLondon: _bBack Bay/Little, Brown & Co., _c2005. |
||
| 300 |
_a296 p. ; _c18 cm. |
||
| 520 | _aINTUITION IS OFTEN PRESENTED AS THE OPPOSITE OF STRUCTURED ACHIEVEMENT. THERE ARE PEOPLE WHO INTUIT THE ANSWER TO A PROBLEM, AND THERE ARE THOSE WHO WORK IT OUT THE LONG AND HARD WAY. THIS DISTINCTION IS FALSE: INTUITIVE FACILITIES TURN OUT TO BE GIFTS THAT ARE DEVELOPED AND EDUCATED BY PRACTICE AND EXPERIENCE. | ||
| 650 | 0 |
_aDecision making _98061 |
|
| 650 | 0 |
_aIntuition _98062 |
|
| 856 | 4 | 0 |
_3Amazon.com _uhttp://www.amazon.com/exec/obidos/ASIN/0141022043/chopaconline-20 |
| 942 |
_2ddc _cBK |
||
| 999 |
_c354073 _d354073 |
||